000 00767cam a2200265Ia 4500
001 50609
005 20230411090004.0
008 040820s2004 mx ab 000 0 spa d
035 _a(OCoLC)ocm56328371
040 _aMXADN
_cMXADN
_dOCLCQ
020 _a9702605237
020 _a9789702605232
035 _a(OCoLC)56328371
090 _aF1226
_bD4 2004
049 _aGRAL
100 1 _aDelgado de Cantú, Gloria M.
245 1 0 _aHistoria de México :
_blegado histórico y pasado reciente /
_cGloria M. Delgado de Cantú.
250 _a1a. ed.
260 _aMéxico :
_bPearson Educación,
_c2004.
300 _axv 572 p. :
_bil., maps ;
_c27 cm.
500 _aIncluye índices.
651 4 _aMéxico
_xHistoria.
942 _2lcc
_cbk
994 _aC0
_bDRFGD
999 _c110482
_d110482